Analýza stratégii 3D tlače a vplyvu na kvalitu výrobku

Salvato in:
Dettagli Bibliografici
Autore principale: Kromka, Ľubomír (Autore)
Altri autori: Beniak, Juraj (Relatore della tesi)
Natura: Manoscritto Libro
Lingua:slovacco
Pubblicazione: 2022
Soggetti:
Accesso online:http://is.stuba.sk/zp/portal_zp.pl?podrobnosti=157226
Tags: Aggiungi Tag
Nessun Tag, puoi essere il primo ad aggiungerne!!

MARC

LEADER 00000ntm a22000003a 4500
001 stuzp90937
003 SK-STU
005 20220611214139.5
007 ta
008 150427s2015----xo-----f-mn---000-0-slo-d
040 |a STU  |b slo 
041 0 |a slo 
100 1 |a Kromka, Ľubomír  |u 020070  |4 aut  |U SjF Strojnícka fakulta  |T SjF Ústav výrobných systémov, enviromentálnej techniky a manažment kvality  |X 104914  |U J0070  |Y 804  |7 104914 
242 0 1 |a Analysis of 3D printing strategy and impact on product quality  |y eng 
245 1 0 |a Analýza stratégii 3D tlače a vplyvu na kvalitu výrobku 
260 |c 2022 
650 4 |a aditívna výroba  |2 slo 
650 4 |a vzor výplne  |2 slo 
650 4 |a stratégie 3d tlače  |2 slo 
650 4 |a 3D tlač  |2 slo 
650 4 |a 3D printing  |2 eng 
650 4 |a additive manufacturing  |2 eng 
650 4 |a infill pattern  |2 eng 
650 4 |a 3D printing strategies  |2 eng 
700 1 |a Beniak, Juraj  |u 020070  |k Z1  |4 ths  |U SjF Strojnícka fakulta  |T SjF Ústav výrobných systémov, enviromentálnej techniky a manažment kvality  |X 2226  |U J0070  |Y 804  |7 A000002226 
856 4 |u http://is.stuba.sk/zp/portal_zp.pl?podrobnosti=157226 
996 |b 284J046986  |c J* 3486/DBP  |l JJSK  |s A  |a 24  |w stuzp90937_0001